Direito Processual do Trabalho Constituiȯ̂ e Reforma Trabalhista /

Detalles Bibliográficos
Autor principal: Neves Koury, Luiz Ronan
Otros Autores: Silvino Assunȯ̂, Carolina Silva
Formato: eBook
Lenguaje:portugués
Publicado: San Pablo: LTR, 2018
Materias:
Acceso en línea:Acceso restringido

MARC

LEADER 00000nam a22000007a 4500
005 20190909233157.0
007 cr|||| ||||
008 190909s2018 br |||||s|||| 00||0 por d
020 |a 978-85-361-9812-5 
035 |a 24807 
040 |a vLex 
090 |c 9444  |d 9444 
100 1 |a Neves Koury, Luiz Ronan 
245 1 0 |a Direito Processual do Trabalho  |h [Recurso electrn̤ico] :  |b Constituiȯ̂ e Reforma Trabalhista /  |c Luiz Ronan Neves Koury, Carolina Silva Silvino Assunȯ̂ 
256 |a Servicio en ln̕ea 
260 |a San Pablo:  |b LTR,  |c 2018 
300 |a 1 recurso electrn̤ico 
506 1 |a Disponible solo en los productos indicados  |d vLex Global  |d vLex Global (Academic Edition, excluding Law Schools)  |d vLex Global (U.S. Academic Edition, Law Schools)  |d vLex Global (U.S. Academic Edition, excluding Law Schools)  |d vLex Global (Academic Edition, Law Schools) 
650 0 4 |a Derecho Laboral y Seguridad Social  |z Brasil 
700 1 |a Silvino Assunȯ̂, Carolina Silva 
740 0 |a vLex Libros (Servicio en ln̕ea) 
856 4 0 |u http://vlex.com/source/direito-processual-trabalho-constitui-o-reforma-trabalhista-24807  |z Acceso restringido 
942 |c BOOK 
999 0 |a Labor law and social security